| 000 | 03241nam a22004697a 4500 | ||
|---|---|---|---|
| 003 | dpl | ||
| 005 | 2008090303483.0 | ||
| 007 | DVD | ||
| 008 | 050907s2005 cau105 g 00| 0 eng d | ||
| 010 | _aDVD-000803-805 & DVD-005744-5748 | ||
| 024 |
_a4.02.4.03.022.08 _c499.00 |
||
| 035 | _aDVD-000803-805 | ||
| 035 | _aDVD-005744-5748 | ||
| 040 |
_aDPL _cDPL |
||
| 092 | _aDVD / MRBE | ||
| 245 |
_aMr. Bean's Holiday : _h[videorecording] DVD / _cUniversal Pictures Presents _bDisaster Is Just Small Step Away |
||
| 260 | _bBig Home Video | ||
| 300 |
_a1 videocassette _bsd., col. ; _c4-3/4 in. _fDVD |
||
| 440 | _aBig Home Video | ||
| 500 | _aOne Man's Journey To The Beach | ||
| 500 | _aBonus Features: Deleted Scenes, Billy Elliot Musical Trailer, Even Almighty Trailer | ||
| 508 | _aDirector of photography, Oliver Wood ; art directors, Shepherd Frankel, Don Macaulay ; editor, William Hoy ; music, Miri Ben-Ari, John Ottman ; costume designer, Jose Fernandez, Wendy Partridge ; production designer, Bill Boes ; visual effects supervisors | ||
| 538 | _aDolby digital 5.1, English, French, Russian Subtitles in English, French, Arabic, Danish, Dutch, Finnish | ||
| 538 | _aAspect Ratio 1:85.1,Presentation Type: Wide Screen, Presentation Size: 16x9, Format: DVD 9 Dual Layer Single Sided Disc. Layer Transition may trigger a slight pause. | ||
| 650 | _aMotion Picture | ||
| 700 | _aAtkinson, Rowan | ||
| 700 | _aGoodall, Howard | ||
| 700 | _aYvesga Yraud, | ||
| 700 | _aCranstoun, Tony | ||
| 700 | _aCarlin, Michael | ||
| 700 | _aIrvine, Baz | ||
| 942 |
_cCF _2ddc _hDVD _mMRBE |
||
| 999 |
_c16064 _d16064 |
||